000 00576cam a2200193 4500500
005 20260329003138.0
041 _afre
042 _adc
100 1 0 _aLequin, Mathilde
_eauthor
245 0 0 _aLe Panoptique
260 _c2014.
500 _a58
690 _aCatherine Portevin
690 _aCommon Sense
690 _aHans Magnus Enzensberger
690 _aPanoptique
786 0 _nPhilosophie magazine | 84 | 11 | 2014-11-01 | p. 87-87 | 1951-1787
856 4 1 _uhttps://shs.cairn.info/magazine-philosophie-magazine-2014-11-page-87?lang=fr&redirect-ssocas=7080
999 _c1821807
_d1821807